[Event "Hessen-ch Gr-F 62nd"]
[Site "Hanau"]
[Date "2008.03.21"]
[Round "1"]
[White "Esche, Frieder"]
[Black "Partsch, Nicolas"]
[Result "1-0"]
[WhiteElo "1210"]
[BlackElo "879"]
[PlyCount "49"]
[EventDate "2008.03.21"]
[EventType "swiss"]
[EventRounds "5"]
[EventCountry "GER"]
[SourceTitle "CBM 123 Extra"]
[Source "ChessBase"]
[SourceDate "2008.05.06"]
[SourceVersion "1"]
[SourceVersionDate "2008.05.06"]
[SourceQuality "1"]

1. e4 e5 2. d4 Qe7 3. Nf3 exd4 4. Qxd4 Qb4+ 5. c3 Qxd4 6. cxd4 Bb4+ 7. Nc3 Ne7 8. Bc4 0-0 9. 0-0 Kh8 10. a3 Ba5 11. Nb5 c6 12. Nc3 f5 13. b4 Bb6 14. e5 h6 15. Be3 f4 16. Bc1 Bc7 17. Ne4 b5 18. Bb3 Nf5 19. Bb2 d5 20. Nc5 Re8 21. Bc2 Bb6 22. Nd3 Be6 23. Nxf4 Nd7 24. Nxe6 Rxe6 25. Bxf5 1-0